000 00310nam a22001337a 4500
008 171024b xxu||||| |||| 00| 0 eng d
020 _a9780073401829
041 _aeng
080 _24TH
_a311
100 _a55
101 _aSTA
245 _aESSENTIALS OF BUSINESS STATISTICS
_cBOWERMAN,B.L
942 _2udc
_cBK
999 _c35722
_d35722